Pays d'amérique du sud-mort subite - Statistiques

Statistiques générales
  • Ce quiz a été pris 1 108 fois
  • Le résultat moyen est 9 sur 12
Answers on the Grid
Answers color-coded by a green-red scale on the quiz's grid according to % correct below.
Panama
Guyana
Argentine
France
Kiribati
Cuba
Tadjikistan
Perou
Chili
Canada
Uruguay
Burundi
Kosovo
Paraguay
Algérie
Bolivie
Équateur
Venezuela
Irlande
Russie
Suriname
Colombie
Bahamas
Brésil
 
Statistiques - réponses
Réponse % Correct
Argentine
76%
Perou
76%
Venezuela
76%
Colombie
75%
Uruguay
75%
Brésil
74%
Paraguay
74%
Chili
73%
Bolivie
71%
Équateur
71%
Guyana
66%
Suriname
64%
Aucun quiz correspondant
Distribution des résultats
% des personnes avec chaque résultat
Percentile par nombre de réponses
Votre historique - résultats
Vous n’avez pas pris ce quiz